<?xml version="1.0" encoding="UTF-8"?>
<collection xmlns="http://www.loc.gov/MARC21/slim">
<record>
  <controlfield tag="001">150343</controlfield>
  <controlfield tag="005">20251017144648.0</controlfield>
  <datafield tag="024" ind1="7" ind2=" ">
    <subfield code="2">doi</subfield>
    <subfield code="a">10.30827/erph.v25i9</subfield>
  </datafield>
  <datafield tag="024" ind1="8" ind2=" ">
    <subfield code="2">sideral</subfield>
    <subfield code="a">142510</subfield>
  </datafield>
  <datafield tag="037" ind1=" " ind2=" ">
    <subfield code="a">ART-2019-142510</subfield>
  </datafield>
  <datafield tag="041" ind1=" " ind2=" ">
    <subfield code="a">spa</subfield>
  </datafield>
  <datafield tag="100" ind1=" " ind2=" ">
    <subfield code="a">Pallarés Jiménez, Miguel Ángel</subfield>
    <subfield code="u">Universidad de Zaragoza</subfield>
    <subfield code="0">(orcid)0000-0003-3459-5965</subfield>
  </datafield>
  <datafield tag="245" ind1=" " ind2=" ">
    <subfield code="a">Hernández Pardos, Antonio; Franco Calvo, Jesús G. (Coords.) La antigua sinagoga de Híjar. Claves de un monumento excepcional (Teruel, España).</subfield>
  </datafield>
  <datafield tag="260" ind1=" " ind2=" ">
    <subfield code="c">2019</subfield>
  </datafield>
  <datafield tag="520" ind1="3" ind2=" ">
    <subfield code="a">“Acrótera. Gestión del Patrimonio”, con el patrocinio del Ayuntamiento de Híjar, el Instituto de Estudios Turolenses y el Grupo de Investigación ARGOS, de la Universidad de Zaragoza, ha editado una monografía sobre la sinagoga de Híjar, un monumento excepcional que se ha conservado hasta nuestros días como ermita cristiana bajo la advocación de San Antonio Abad (vulgo de San Antón), sita en el barrio homónimo. Tras dos años de rigurosas excavaciones arqueológicas llevadas a cabo por dicha empresa, dentro del proyecto de restauración del edificio, se han localizado e interpretado elementos que lo definen como el antiguo templo de la judería local en los siglos XIV y XV, lo que se había intuido desde hacía tiempo tanto por sus
características formales como por su peculiar situación en el trazado urbano de Híjar. El resultado de estos trabajos ha hecho que el Gobierno de Aragón lo haya declarado Bien de Interés Cultural en marzo de 2018, máxima figura de protección legal del Patrimonio Histórico español, ya que, hasta el momento, constituye la única sinagoga medieval conservada en dicha Comunidad con suficientes certezas arqueológicas, a la espera de que se estudien los restos de las de Calatayud y Uncastillo...</subfield>
  </datafield>
  <datafield tag="540" ind1=" " ind2=" ">
    <subfield code="9">info:eu-repo/semantics/closedAccess</subfield>
    <subfield code="a">All rights reserved</subfield>
    <subfield code="u">http://www.europeana.eu/rights/rr-f/</subfield>
  </datafield>
  <datafield tag="655" ind1=" " ind2="4">
    <subfield code="a">info:eu-repo/semantics/other</subfield>
    <subfield code="v">info:eu-repo/semantics/publishedVersion</subfield>
  </datafield>
  <datafield tag="710" ind1="2" ind2=" ">
    <subfield code="1">4006</subfield>
    <subfield code="2">210</subfield>
    <subfield code="a">Universidad de Zaragoza</subfield>
    <subfield code="b">Dpto. Didác.Leng.y CC.HH.y SS.</subfield>
    <subfield code="c">Área Didáctica Ciencias Socia.</subfield>
  </datafield>
  <datafield tag="773" ind1=" " ind2=" ">
    <subfield code="g">25 (2019), 185-188</subfield>
    <subfield code="p">ERPH</subfield>
    <subfield code="t">ERPH. Revista electrónica de patrimonio histórico</subfield>
    <subfield code="x">1988-7213</subfield>
  </datafield>
  <datafield tag="856" ind1="4" ind2=" ">
    <subfield code="s">454866</subfield>
    <subfield code="u">http://zaguan.unizar.es/record/150343/files/texto_completo.pdf</subfield>
    <subfield code="y">Versión publicada</subfield>
  </datafield>
  <datafield tag="856" ind1="4" ind2=" ">
    <subfield code="s">1000799</subfield>
    <subfield code="u">http://zaguan.unizar.es/record/150343/files/texto_completo.jpg?subformat=icon</subfield>
    <subfield code="x">icon</subfield>
    <subfield code="y">Versión publicada</subfield>
  </datafield>
  <datafield tag="909" ind1="C" ind2="O">
    <subfield code="o">oai:zaguan.unizar.es:150343</subfield>
    <subfield code="p">articulos</subfield>
    <subfield code="p">driver</subfield>
  </datafield>
  <datafield tag="951" ind1=" " ind2=" ">
    <subfield code="a">2025-10-17-14:35:13</subfield>
  </datafield>
  <datafield tag="980" ind1=" " ind2=" ">
    <subfield code="a">ARTICLE</subfield>
  </datafield>
</record>
</collection>